| 000 | 00985nam a2200301 a 4500 | ||
|---|---|---|---|
| 001 | 000021356 | ||
| 003 | OSt | ||
| 005 | 20260120073950.0 | ||
| 008 | 100906s1963 ck r 000 0 spa d | ||
| 040 |
_aDO-SdBNP _bspa _cBNPHU |
||
| 082 |
_a248.4 _bM516a, 1963 |
||
| 100 | 1 |
_aMejía S., Rodrigo, _944591 |
|
| 245 | 1 | 0 |
_aA cualquier hora : _bmeditaciones para estudiantes / _cRodrigo Mejía S.,. |
| 250 | _a2a ed. | ||
| 260 |
_aBogotá, Colombia : _bEdiciones Paulinas, _c1963. |
||
| 300 |
_a79 p. ; _c17 cm. |
||
| 490 | 1 | _aTrigo verde. | |
| 490 | 1 |
_aEspiritualidad _v20-E |
|
| 490 | 1 |
_aEspiritualidad. _v20-E |
|
| 500 | _aColección de espiritualidad, formación, biografías y narrativa para juventudes. | ||
| 590 | _aInventariado, 2020/ YL | ||
| 650 | 0 |
_aVida cristiana _9668 |
|
| 650 | 4 |
_aLibro de meditación _xIglesia católica _944592 |
|
| 650 | 0 |
_aVida espiritual _9268 |
|
| 830 |
_aTrigo Verde _lEspiritualidad _n20-E _976695 |
||
| 910 | _aEn proceso | ||
| 942 |
_2ddc _cLF1 |
||
| 999 |
_c20856 _d20856 |
||